[Event "DSOL 01 Liga Gr-C 1st"]
[Site "Playchess.com INT"]
[Date "2020.07.24"]
[Round "5.3"]
[White "Heerd, Thomas"]
[Black "Woestmann, Hans Joachim"]
[Result "1/2-1/2"]
[WhiteElo "2026"]
[BlackElo "2059"]
[PlyCount "85"]
[EventDate "2020.06.22"]
[EventType "team-tourn (rapid)"]
[EventCountry "GER"]
[SourceTitle "EXT 2021"]
[Source "ChessBase"]
[SourceDate "2020.10.23"]
[SourceVersion "1"]
[SourceVersionDate "2020.10.23"]
[SourceQuality "1"]
[WhiteTeam "Lauffen"]
[BlackTeam "Osnabrueck SV"]
[WhiteTeamCountry "GER"]
[BlackTeamCountry "GER"]

1. Nf3 d5 2. g3 Nf6 3. Bg2 e6 4. d3 Be7 5. Nbd2 0-0 6. e4 c5 7. 0-0 Nc6 8. Re1 b5 9. e5 Nd7 10. Nf1 Bb7 11. h4 Qc7 12. Bf4 Rfc8 13. N1h2 Qd8 14. Ng5 h6 15. Ngf3 a5 16. Qd2 b4 17. Ng4 Bf8 18. Ngh2 Ne7 19. g4 Ng6 20. Bg3 Be7 21. h5 Ngf8 22. Kh1 d4 23. Qe2 Nb6 24. Nd2 Bxg2+ 25. Kxg2 Qd5+ 26. Nhf3 a4 27. b3 Ra7 28. Ne4 Rca8 29. Rac1 axb3 30. axb3 Ra2 31. Kh2 Nh7 32. Bf4 Qd8 33. Qd2 Nd5 34. Rg1 Nxf4 35. Qxf4 Ng5 36. Nfd2 Nxe4 37. Qxe4 Qd5 38. f4 Qxe4 39. Nxe4 Rb2 40. Rg2 Raa2 41. Kg1 f6 42. exf6 gxf6 43. f5 1/2-1/2

[Event "GER-ch Net Amateur Gr-A Vor3"]
[Site "Playchess.com INT"]
[Date "2020.04.16"]
[Round "2"]
[White "Heerd, Thomas"]
[Black "Gutheil, Heinrich"]
[Result "0-1"]
[WhiteElo "1946"]
[BlackElo "2166"]
[PlyCount "62"]
[EventDate "2020.04.16"]
[EventType "swiss (blitz)"]
[EventRounds "9"]
[EventCountry "GER"]
[SourceTitle "CBM 195 Extra"]
[Source "ChessBase"]
[SourceDate "2020.05.31"]
[SourceVersion "1"]
[SourceVersionDate "2020.05.31"]
[SourceQuality "1"]

1. Nf3 g6 2. g3 Bg7 3. Bg2 e5 4. d3 d5 5. 0-0 Ne7 6. e4 c6 7. Nc3 d4 8. Ne2 0-0 9. Nh4 f5 10. f4 Be6 11. Bd2 Nd7 12. c3 c5 13. cxd4 cxd4 14. Bb4 Rf7 15. Bxe7 Qxe7 16. exf5 gxf5 17. fxe5 Nxe5 18. Nf4 Ng4 19. Qf3 Ne3 20. Rfc1 Re8 21. b4 Qd6 22. Rab1 Bd7 23. a3 Bc6 24. Qf2 Nxg2 25. Nhxg2 Rfe7 26. Re1 Be5 27. Nh4 Bxf4 28. Qxf4 Qd5 29. Rxe7 Rxe7 30. Qg5+ Kf7 31. Nxf5 Qg2# 0-1

[Event "GER-ch Net Amateur Gr-A Vor3"]
[Site "Playchess.com INT"]
[Date "2020.04.16"]
[Round "4"]
[White "Heerd, Thomas"]
[Black "Hansch, Karsten"]
[Result "0-1"]
[WhiteElo "1948"]
[BlackElo "2150"]
[PlyCount "68"]
[EventDate "2020.04.16"]
[EventType "swiss (blitz)"]
[EventRounds "9"]
[EventCountry "GER"]
[SourceTitle "CBM 195 Extra"]
[Source "ChessBase"]
[SourceDate "2020.05.31"]
[SourceVersion "1"]
[SourceVersionDate "2020.05.31"]
[SourceQuality "1"]

1. Nf3 d5 2. g3 Nf6 3. Bg2 g6 4. 0-0 Bg7 5. d3 0-0 6. Nbd2 c5 7. e4 Nc6 8. Re1 Bg4 9. h3 Bxf3 10. Qxf3 dxe4 11. dxe4 Nd4 12. Qd1 Qc7 13. c3 Ne6 14. Qe2 Rfd8 15. a4 Rd7 16. Nc4 Rad8 17. Be3 b6 18. Kh2 h5 19. Kg1 h4 20. g4 Nf4 21. Qf3 Nd3 22. Red1 a6 23. a5 b5 24. Nb6 Rd6 25. c4 Nd7 26. Nd5 Rxd5 27. exd5 Nxb2 28. Rdc1 Nxc4 29. Ra2 Nde5 30. Qe4 Nxe3 31. Qxe3 c4 32. f4 Nd3 33. Rc3 Bxc3 34. Kh1 Qxf4 0-1

[Event "GER-ch Net Amateur Gr-A Vor3"]
[Site "Playchess.com INT"]
[Date "2020.04.16"]
[Round "6"]
[White "Heerd, Thomas"]
[Black "Stangl, Anita"]
[Result "1/2-1/2"]
[WhiteElo "1914"]
[BlackElo "1808"]
[PlyCount "116"]
[EventDate "2020.04.16"]
[EventType "swiss (blitz)"]
[EventRounds "9"]
[EventCountry "GER"]
[SourceTitle "CBM 195 Extra"]
[Source "ChessBase"]
[SourceDate "2020.05.31"]
[SourceVersion "1"]
[SourceVersionDate "2020.05.31"]
[SourceQuality "1"]

1. Nf3 e6 2. g3 d5 3. Bg2 Nf6 4. 0-0 Bd6 5. d3 0-0 6. Nbd2 c5 7. e4 dxe4 8. dxe4 e5 9. Nc4 Bc7 10. Nfxe5 b5 11. Bg5 bxc4 12. Nxc4 Qxd1 13. Rfxd1 Bb7 14. Bxf6 gxf6 15. f3 Rd8 16. Bh3 Nc6 17. c3 Ne5 18. Nxe5 fxe5 19. Bf1 Rxd1 20. Rxd1 Rd8 21. Rxd8+ Bxd8 22. Bc4 Kg7 23. Kf2 Kf6 24. Ke3 Ke7 25. Bd5 Bxd5 26. exd5 f5 27. g4 fxg4 28. fxg4 Kd6 29. Ke4 Bg5 30. c4 a5 31. b3 Bf4 32. h3 Kc7 33. Kf5 Kb6 34. Ke4 a4 35. bxa4 Ka5 36. d6 Kb4 37. d7 Bg5 38. Kd5 Bf6 39. a5 Kxa5 40. Kxc5 e4 41. d8Q+ Bxd8 42. Kd4 Kb4 43. Kxe4 Kxc4 44. Kf5 Kb4 45. Ke6 Bg5 46. Kf7 Ka3 47. Kg7 h6 48. Kg6 Kxa2 49. Kh5 Kb3 50. h4 Bf4 51. Kg6 Kc4 52. Kf5 Bd2 53. g5 hxg5 54. h5 g4 55. Kxg4 Kd5 56. Kf5 Kd6 57. Kg6 Ke6 58. h6 Bxh6 1/2-1/2

[Event "GER-ch Net Amateur Gr-A Vor3"]
[Site "Playchess.com INT"]
[Date "2020.04.16"]
[Round "1"]
[White "Wuerl, Roland"]
[Black "Heerd, Thomas"]
[Result "0-1"]
[WhiteElo "1620"]
[BlackElo "1942"]
[PlyCount "84"]
[EventDate "2020.04.16"]
[EventType "swiss (blitz)"]
[EventRounds "9"]
[EventCountry "GER"]
[SourceTitle "CBM 195 Extra"]
[Source "ChessBase"]
[SourceDate "2020.05.31"]
[SourceVersion "1"]
[SourceVersionDate "2020.05.31"]
[SourceQuality "1"]

1. d4 d6 2. Nf3 Nf6 3. c4 Nbd7 4. Nc3 e5 5. Bg5 Be7 6. e3 0-0 7. Qc2 b6 8. Bd3 Bb7 9. 0-0-0 exd4 10. exd4 h6 11. h4 Re8 12. Bxf6 Nxf6 13. d5 Bc8 14. Nd4 Bd7 15. f3 Nh5 16. Bh7+ Kh8 17. Bf5 Ng3 18. Bxd7 Qxd7 19. Rh3 Nh5 20. Nf5 Bf6 21. g4 Nf4 22. Rhh1 Bxc3 23. bxc3 Re2 24. Qb3 Rae8 25. Nd4 R2e3 26. Nf5 Rxc3+ 27. Qxc3 Ne2+ 28. Kc2 Nxc3 29. Kxc3 Kh7 30. Rhe1 g6 31. Nd4 Rxe1 32. Rxe1 Kg7 33. Nc6 a6 34. Re7 Qc8 35. Na7 Qd8 36. Nc6 Qc8 37. Na7 Qb7 38. Nc6 b5 39. Nd8 b4+ 40. Kb3 Qb8 41. Rxf7+ Kg8 42. Rd7 Qc8 0-1

[Event "GER-ch Net Amateur Gr-A Vor1"]
[Site "Playchess.com INT"]
[Date "2020.04.14"]
[Round "2"]
[White "Heerd, Thomas"]
[Black "Schwarz, Frank"]
[Result "1-0"]
[WhiteElo "1961"]
[BlackElo "2097"]
[PlyCount "85"]
[EventDate "2020.04.14"]
[EventType "swiss (blitz)"]
[EventRounds "9"]
[EventCountry "GER"]
[SourceTitle "EXT 2021"]
[Source "ChessBase"]
[SourceDate "2020.10.23"]
[SourceVersion "1"]
[SourceVersionDate "2020.10.23"]
[SourceQuality "1"]

1. Nf3 d5 2. g3 c6 3. Bg2 Bf5 4. 0-0 e6 5. d3 Nf6 6. Nbd2 h6 7. Qe1 Bh7 8. e4 Be7 9. Qe2 0-0 10. Re1 Re8 11. b3 a5 12. a3 Na6 13. Bb2 Bf8 14. Ne5 Qb6 15. Kh1 Rad8 16. f4 a4 17. b4 c5 18. c3 Nc7 19. Rab1 cxb4 20. cxb4 Nb5 21. Rbc1 Rc8 22. h3 Nd6 23. Ng4 Nxg4 24. hxg4 dxe4 25. dxe4 Qb5 26. e5 Bd3 27. Qe3 Rxc1 28. Rxc1 Nc8 29. Bd4 Rd8 30. Ne4 Bxe4 31. Qxe4 Ne7 32. Bc5 Nd5 33. Bxf8 Rxf8 34. f5 Qd7 35. Bf1 Rc8 36. Rxc8+ Qxc8 37. Bd3 Qc1+ 38. Kh2 Qd2+ 39. Kh3 Nc3 40. Qd4 Nd5 41. fxe6 Qe1 42. exf7+ Kf8 43. Qxd5 1-0

[Event "GER-ch Net Amateur Gr-A Vor1"]
[Site "Playchess.com INT"]
[Date "2020.04.14"]
[Round "4"]
[White "Namyslo, Holger"]
[Black "Heerd, Thomas"]
[Result "0-1"]
[WhiteElo "1989"]
[BlackElo "1979"]
[PlyCount "68"]
[EventDate "2020.04.14"]
[EventType "swiss (blitz)"]
[EventRounds "9"]
[EventCountry "GER"]
[SourceTitle "EXT 2021"]
[Source "ChessBase"]
[SourceDate "2020.10.23"]
[SourceVersion "1"]
[SourceVersionDate "2020.10.23"]
[SourceQuality "1"]

1. e4 d6 2. d4 Nf6 3. Nc3 c6 4. Nf3 Bg4 5. h3 Bh5 6. Bd3 e6 7. a4 d5 8. e5 Nfd7 9. 0-0 c5 10. dxc5 Nc6 11. Be2 Bxf3 12. Bxf3 Ndxe5 13. Re1 Bxc5 14. Bf4 Nxf3+ 15. Qxf3 0-0 16. Qg3 Qf6 17. Rad1 Qg6 18. Qxg6 hxg6 19. Nb5 Rfd8 20. c3 a6 21. Nd4 Rac8 22. Nb3 Bb6 23. Kh2 Na5 24. Nxa5 Bxa5 25. Bg5 Rd7 26. Bc1 Rc4 27. Re2 Rxa4 28. b3 Ra1 29. c4 d4 30. Rh1 d3 31. Rb2 d2 32. Bxd2 Rxh1+ 33. Kxh1 Rxd2 34. Rxd2 Bxd2 0-1

[Event "GER-ch Net blitz qual4"]
[Site "Playchess.com INT"]
[Date "2020.03.23"]
[Round "8"]
[White "Acikel, Mert"]
[Black "Heerd, Thomas"]
[Result "1-0"]
[WhiteElo "2149"]
[BlackElo "2051"]
[PlyCount "75"]
[EventDate "2020.03.23"]
[EventType "swiss (blitz)"]
[EventRounds "9"]
[EventCountry "GER"]
[SourceTitle "CBM 195 Extra"]
[Source "ChessBase"]
[SourceDate "2020.05.31"]
[SourceVersion "1"]
[SourceVersionDate "2020.05.31"]
[SourceQuality "1"]

1. e4 d6 2. d4 Nf6 3. Nc3 c6 4. Be3 b5 5. f3 e5 6. Qd2 Qa5 7. 0-0-0 b4 8. Nb1 Be6 9. a3 c5 10. dxe5 dxe5 11. g4 Nc6 12. g5 Rd8 13. Qe2 Rxd1+ 14. Kxd1 Nd7 15. Qb5 Qc7 16. Bc4 Bxc4 17. Qxc4 Nb6 18. Qb5 Be7 19. Ne2 0-0 20. Bxc5 Bxc5 21. Qxc5 Na4 22. Qe3 Nxb2+ 23. Ke1 Nc4 24. Qc5 Nxa3 25. Nxa3 bxa3 26. Qxa3 Qb6 27. Kf1 Rd8 28. Qb3 Qc5 29. Qc3 Qb5 30. Kf2 Qb6+ 31. Kg2 Ne7 32. h4 Rc8 33. Qd3 Ng6 34. h5 Nf8 35. Rd1 Ne6 36. Qd7 h6 37. Qxc8+ Kh7 38. Qc3 1-0

[Event "GER-ch Net blitz qual4"]
[Site "Playchess.com INT"]
[Date "2020.03.23"]
[Round "6"]
[White "Heerd, Thomas"]
[Black "Hendrich, Daniel"]
[Result "1-0"]
[WhiteElo "2051"]
[BlackElo "1883"]
[PlyCount "53"]
[EventDate "2020.03.23"]
[EventType "swiss (blitz)"]
[EventRounds "9"]
[EventCountry "GER"]
[SourceTitle "CBM 195 Extra"]
[Source "ChessBase"]
[SourceDate "2020.05.31"]
[SourceVersion "1"]
[SourceVersionDate "2020.05.31"]
[SourceQuality "1"]

1. d4 d5 2. c4 e6 3. Nc3 Nf6 4. Nf3 Be7 5. Bf4 0-0 6. e3 Nbd7 7. c5 b6 8. b4 a5 9. a3 axb4 10. axb4 Rxa1 11. Qxa1 bxc5 12. bxc5 Ne4 13. Nb5 c6 14. Bc7 Qe8 15. Nc3 Nxc3 16. Qxc3 Bd8 17. Bg3 Nf6 18. Bd3 Ne4 19. Bxe4 dxe4 20. Ne5 Bc7 21. 0-0 Bxe5 22. Bxe5 Ba6 23. Ra1 Bb5 24. Bd6 f6 25. Bxf8 Kxf8 26. Qa5 Qh5 27. Qc7 1-0

[Event "GER-ch Net blitz qual4"]
[Site "Playchess.com INT"]
[Date "2020.03.23"]
[Round "7"]
[White "Heerd, Thomas"]
[Black "Schwarz, Frank"]
[Result "0-1"]
[WhiteElo "2051"]
[BlackElo "2233"]
[PlyCount "40"]
[EventDate "2020.03.23"]
[EventType "swiss (blitz)"]
[EventRounds "9"]
[EventCountry "GER"]
[SourceTitle "CBM 195 Extra"]
[Source "ChessBase"]
[SourceDate "2020.05.31"]
[SourceVersion "1"]
[SourceVersionDate "2020.05.31"]
[SourceQuality "1"]

1. Nf3 Nf6 2. g3 d5 3. Bg2 Bf5 4. d3 e6 5. Nbd2 h6 6. 0-0 Be7 7. Qe1 Bh7 8. e4 0-0 9. Qe2 c6 10. b3 a5 11. a4 Na6 12. Bb2 Nb4 13. Rfc1 Re8 14. Ne5 Qb6 15. Kh1 Rad8 16. f4 dxe4 17. dxe4 Rxd2 18. Qxd2 Nxe4 19. Bd4 c5 20. Be3 Nxd2 0-1

[Event "GER-ch Net blitz qual3"]
[Site "Playchess.com INT"]
[Date "2020.03.21"]
[Round "3"]
[White "Reisberg, Andre"]
[Black "Heerd, Thomas"]
[Result "0-1"]
[WhiteElo "2018"]
[BlackElo "2051"]
[PlyCount "102"]
[EventDate "2020.03.21"]
[EventType "swiss (blitz)"]
[EventRounds "9"]
[EventCountry "GER"]
[SourceTitle "CBM 195 Extra"]
[Source "ChessBase"]
[SourceDate "2020.05.31"]
[SourceVersion "1"]
[SourceVersionDate "2020.05.31"]
[SourceQuality "1"]

1. d4 d6 2. c4 e5 3. d5 f5 4. Nc3 Nf6 5. Bg5 Be7 6. g3 Nxd5 7. Bxe7 Nxe7 8. Bg2 Nbc6 9. a3 0-0 10. e3 Be6 11. b3 Qd7 12. Nge2 Rad8 13. 0-0 d5 14. cxd5 Nxd5 15. Qc2 Nxc3 16. Nxc3 Qd2 17. Qxd2 Rxd2 18. Rac1 e4 19. b4 Ne5 20. Nb5 c6 21. Nd4 Kf7 22. Rfd1 Ra2 23. Ra1 Rxa1 24. Rxa1 g6 25. Bf1 Bc4 26. Rc1 Bxf1 27. Kxf1 Rc8 28. Ke2 Ke7 29. Nb3 b6 30. Nd4 c5 31. bxc5 bxc5 32. Nb3 c4 33. Nd4 a6 34. Kd1 Kd6 35. Kc2 Rb8 36. Kc3 Nd3 37. Rc2 Kd5 38. Kd2 Rb1 39. Kc3 Ra1 40. Kd2 Rxa3 41. Ne2 Ra1 42. Nc3+ Kc5 43. Nd1 a5 44. h4 a4 45. Nc3 a3 46. Na2 Nb4 47. Nxb4 Kxb4 48. h5 Rb1 49. Ra2 Kb3 50. Rc2 Rb2 51. Rxb2+ axb2 0-1

[Event "GER-ch Net blitz qual2"]
[Site "Playchess.com INT"]
[Date "2020.03.16"]
[Round "2"]
[White "Heerd, Thomas"]
[Black "Colpe, Malte"]
[Result "1-0"]
[WhiteElo "2051"]
[BlackElo "2362"]
[PlyCount "125"]
[EventDate "2020.03.16"]
[EventType "swiss (blitz)"]
[EventRounds "9"]
[EventCountry "GER"]
[SourceTitle "CBM 195 Extra"]
[Source "ChessBase"]
[SourceDate "2020.05.31"]
[SourceVersion "1"]
[SourceVersionDate "2020.05.31"]
[SourceQuality "1"]

1. Nf3 Nf6 2. g3 g6 3. Bg2 Bg7 4. 0-0 0-0 5. d3 c5 6. e4 Nc6 7. Nc3 d5 8. Re1 d4 9. Na4 Qa5 10. b3 Nd7 11. Bd2 Qc7 12. Nb2 e5 13. a4 b6 14. Nh4 a6 15. Bh3 Nf6 16. Bxc8 Qxc8 17. Kg2 Nh5 18. Nf5 Qe6 19. Nc4 Rab8 20. a5 b5 21. Nb6 Rfe8 22. Nd5 gxf5 23. Qxh5 Qg6 24. Qxf5 Qxf5 25. exf5 f6 26. f4 Kf7 27. Re4 c4 28. Nc7 Re7 29. Nxa6 Ra8 30. Nb4 Nxb4 31. Bxb4 Rc7 32. fxe5 fxe5 33. Bd6 Rc6 34. Bxe5 cxd3 35. cxd3 Rc2+ 36. Kh3 Bxe5 37. Rxe5 Kf6 38. Rxb5 Re8 39. Rf1 Ree2 40. Kg4 h5+ 41. Kxh5 Rxh2+ 42. Kg4 Rc8 43. Rb6+ Ke5 44. Rg6 Rc3 45. f6 Rh8 46. f7 Rf8 47. Rg8 Rcc8 48. Rxf8 Rxf8 49. Kg5 Ke6 50. Kg6 Ke7 51. Kg7 Rc8 52. f8Q+ Rxf8 53. Rxf8 Kd6 54. Rf6+ Kc5 55. a6 Kb4 56. a7 Kc3 57. a8Q Kxd3 58. Qd5 Kc2 59. Rf4 d3 60. Rd4 d2 61. Rxd2+ Kb1 62. Qc4 Ka1 63. Qc1# 1-0

[Event "GER-ch Net blitz qual2"]
[Site "Playchess.com INT"]
[Date "2020.03.16"]
[Round "4"]
[White "Heerd, Thomas"]
[Black "Haubold, Sebastian Marcel"]
[Result "1-0"]
[WhiteElo "2051"]
[BlackElo "1800"]
[PlyCount "129"]
[EventDate "2020.03.16"]
[EventType "swiss (blitz)"]
[EventRounds "9"]
[EventCountry "GER"]
[SourceTitle "CBM 195 Extra"]
[Source "ChessBase"]
[SourceDate "2020.05.31"]
[SourceVersion "1"]
[SourceVersionDate "2020.05.31"]
[SourceQuality "1"]

1. Nf3 Nf6 2. g3 g6 3. Bg2 Bg7 4. 0-0 0-0 5. d3 d6 6. e4 e5 7. Nc3 Nbd7 8. Nh4 c6 9. f4 Ne8 10. f5 Ndf6 11. Bg5 Qb6+ 12. Kh1 Qc7 13. Qd2 b5 14. h3 Bb7 15. Rf2 a6 16. Raf1 d5 17. Bh6 dxe4 18. Nxe4 Nxe4 19. Bxe4 Nf6 20. fxg6 Nxe4 21. gxf7+ Kh8 22. Bxg7+ Kxg7 23. dxe4 Qd8 24. Nf5+ Kh8 25. Nd6 Bc8 26. Qh6 Bxh3 27. Rd1 Bg4 28. Rd3 Qe7 29. Rh2 Rxf7 30. Nxf7+ Qxf7 31. Rhd2 Rf8 32. Kh2 Rg8 33. Rd8 Bf3 34. Rxg8+ Kxg8 35. Qg5+ Qg6 36. Qxe5 Qh5+ 37. Qxh5 Bxh5 38. e5 Kf7 39. Rd6 Bg4 40. Kg2 Be6 41. a3 Bd5+ 42. Kf2 h5 43. Ke3 Ke7 44. Kd4 Kf7 45. Kc5 Ke7 46. Rxd5 cxd5 47. Kxd5 Kd7 48. e6+ Ke7 49. Ke5 Ke8 50. Kd6 Kd8 51. b3 a5 52. c3 Ke8 53. e7 h4 54. gxh4 b4 55. cxb4 a4 56. bxa4 Kf7 57. a5 Kf6 58. a6 Kf5 59. a7 Ke4 60. a8Q+ Kd4 61. Qc6 Kd3 62. e8Q Kd2 63. Qf3 Kc2 64. Qee2+ Kc1 65. Qff1# 1-0

[Event "GER-ch Net blitz qual2"]
[Site "Playchess.com INT"]
[Date "2020.03.16"]
[Round "3"]
[White "Moritz, Aron"]
[Black "Heerd, Thomas"]
[Result "1-0"]
[WhiteElo "2212"]
[BlackElo "2051"]
[PlyCount "57"]
[EventDate "2020.03.16"]
[EventType "swiss (blitz)"]
[EventRounds "9"]
[EventCountry "GER"]
[SourceTitle "CBM 195 Extra"]
[Source "ChessBase"]
[SourceDate "2020.05.31"]
[SourceVersion "1"]
[SourceVersionDate "2020.05.31"]
[SourceQuality "1"]

1. e4 d6 2. d4 Nf6 3. Nc3 c6 4. Be3 b5 5. Bd3 e5 6. dxe5 dxe5 7. h3 Nbd7 8. Nf3 Qc7 9. 0-0 Be7 10. a4 b4 11. Ne2 a5 12. Ng3 Nc5 13. Bxc5 Bxc5 14. Qe2 g6 15. Bc4 0-0 16. Rad1 h5 17. Rd2 h4 18. Nxh4 Kg7 19. Rfd1 Rh8 20. Nf3 Nh5 21. Nxh5+ Rxh5 22. Nh2 Bd4 23. Qf3 Bxb2 24. Rd7 Qxd7 25. Rxd7 Bxd7 26. Qxf7+ Kh6 27. Qxd7 Rf8 28. Ng4+ Kg5 29. Qe7+ 1-0

[Event "GER-ch Net blitz qual2"]
[Site "Playchess.com INT"]
[Date "2020.03.16"]
[Round "9"]
[White "Sundui, Chinguun"]
[Black "Heerd, Thomas"]
[Result "1-0"]
[WhiteElo "1620"]
[BlackElo "2051"]
[PlyCount "69"]
[EventDate "2020.03.16"]
[EventType "swiss (blitz)"]
[EventRounds "9"]
[EventCountry "GER"]
[SourceTitle "CBM 195 Extra"]
[Source "ChessBase"]
[SourceDate "2020.05.31"]
[SourceVersion "1"]
[SourceVersionDate "2020.05.31"]
[SourceQuality "1"]

1. Nf3 Nf6 2. b3 g6 3. Bb2 Bg7 4. d4 d6 5. e3 Nbd7 6. Be2 e5 7. 0-0 Qe7 8. c4 0-0 9. Nc3 c6 10. Qc2 Re8 11. dxe5 dxe5 12. Rfd1 Nc5 13. Qd2 Nfe4 14. Nxe4 Nxe4 15. Qe1 Bf5 16. Nd2 Nc5 17. f3 Bd3 18. e4 Bh6 19. Ba3 Rad8 20. Bxd3 Rxd3 21. Nf1 Red8 22. Rxd3 Rxd3 23. Rd1 Rxd1 24. Qxd1 Bf8 25. Ne3 Qc7 26. Ng4 Kg7 27. Bb2 f6 28. b4 Ne6 29. Qd2 a5 30. bxa5 Bc5+ 31. Kh1 Qd8 32. Qh6+ Kg8 33. Qc1 Qd3 34. Nxf6+ Kf7 35. Ng4 1-0

[Event "Reykjavik op"]
[Site "Reykjavik"]
[Date "2013.02.24"]
[Round "7"]
[White "Heerd, Thomas"]
[Black "Hardarson, Jon Trausti"]
[Result "0-1"]
[WhiteElo "2053"]
[BlackElo "1853"]
[PlyCount "64"]
[EventDate "2013.02.19"]
[EventType "swiss"]
[EventRounds "10"]
[EventCountry "ISL"]
[SourceTitle "CBM 153 Extra"]
[Source "ChessBase"]
[SourceDate "2013.04.22"]
[SourceVersion "1"]
[SourceVersionDate "2013.04.22"]
[SourceQuality "1"]

1. Nf3 Nf6 2. g3 d5 3. Bg2 c6 4. 0-0 Bg4 5. d3 Nbd7 6. Nbd2 e5 7. h3 Bh5 8. e4 dxe4 9. dxe4 Bc5 10. Qe1 0-0 11. Nc4 Bxf3 12. Bxf3 Qe7 13. Bg5 Qe6 14. Ne3 Qxh3 15. Rd1 h6 16. Bxf6 Nxf6 17. Rd3 Rfd8 18. Rb3 b6 19. Qe2 Rd7 20. a4 Rad8 21. Bg2 Qe6 22. Qa6 g6 23. Bf3 Kg7 24. Re1 h5 25. Re2 h4 26. gxh4 Qh3 27. Bg2 Qxh4 28. Qc4 Rd4 29. Qa6 Nxe4 30. Qxa7 Rd1+ 31. Bf1 Rh8 32. Nf5+ gxf5 0-1

[Event "Reykjavik op"]
[Site "Reykjavik"]
[Date "2013.02.22"]
[Round "5"]
[White "Heerd, Thomas"]
[Black "Kvisvik, Brede Alexander"]
[Result "0-1"]
[WhiteElo "2053"]
[BlackElo "2314"]
[PlyCount "74"]
[EventDate "2013.02.19"]
[EventType "swiss"]
[EventRounds "10"]
[EventCountry "ISL"]
[SourceTitle "CBM 153 Extra"]
[Source "ChessBase"]
[SourceDate "2013.04.22"]
[SourceVersion "1"]
[SourceVersionDate "2013.04.22"]
[SourceQuality "1"]

1. e4 c5 2. Nf3 d6 3. d3 Nc6 4. g3 g6 5. Bg2 Bg7 6. 0-0 e5 7. Nbd2 Nge7 8. c3 0-0 9. a3 a5 10. a4 h6 11. Nc4 Be6 12. Nfd2 f5 13. f4 exf4 14. gxf4 d5 15. Na3 fxe4 16. dxe4 d4 17. cxd4 Nxd4 18. Nb5 Nec6 19. Nxd4 Nxd4 20. Ra3 Kh7 21. Kh1 Qd7 22. Rg3 Rad8 23. Qe1 Bg4 24. Nf3 Bxf3 25. Bxf3 Nxf3 26. Rgxf3 Qxa4 27. Ra3 Qc4 28. Rxa5 Rde8 29. b3 Qd3 30. e5 Rxe5 31. Qd1 Qe4+ 32. Kg1 Rd5 33. Qf3 Bd4+ 34. Kg2 Rg5+ 35. fxg5 Rxf3 36. Rxf3 Qe2+ 37. Kg3 Qe1+ 0-1

[Event "Berlin Lichtenrade op 08th"]
[Site "Berlin"]
[Date "2012.09.30"]
[Round "2"]
[White "Romanishin, Oleg M"]
[Black "Heerd, Thomas"]
[Result "1-0"]
[WhiteElo "2526"]
[BlackElo "2023"]
[PlyCount "63"]
[EventDate "2012.09.29"]
[EventType "swiss"]
[EventRounds "9"]
[EventCountry "GER"]
[SourceTitle "CBM 150 Extra"]
[Source "ChessBase"]
[SourceDate "2012.10.19"]
[SourceVersion "1"]
[SourceVersionDate "2012.10.19"]
[SourceQuality "1"]

1. d4 Nf6 2. Nf3 g6 3. g3 Bg7 4. c4 0-0 5. Bg2 d6 6. 0-0 Nbd7 7. Qc2 e5 8. Rd1 Re8 9. dxe5 dxe5 10. e4 c6 11. h3 Qc7 12. Be3 b6 13. Nc3 Nc5 14. b4 Ne6 15. a4 Bb7 16. a5 Rad8 17. axb6 axb6 18. Ra7 Rxd1+ 19. Qxd1 Rd8 20. Qa4 Rd3 21. Qc2 Rd8 22. Qa2 Nd7 23. Ng5 Nxg5 24. Bxg5 Rc8 25. Be3 Bf8 26. Qa3 Qb8 27. c5 bxc5 28. bxc5 Rd8 29. Bf1 Qc8 30. Qb4 Ba8 31. Ba6 Nxc5 32. Bxc8 1-0

[Event "Berlin Lichtenberger op 11th"]
[Site "Berlin"]
[Date "2012.08.25"]
[Round "8"]
[White "Heerd, Thomas"]
[Black "Rauscher, Joachim"]
[Result "1-0"]
[WhiteElo "1969"]
[BlackElo "1866"]
[PlyCount "49"]
[EventDate "2012.08.18"]
[EventType "swiss"]
[EventRounds "9"]
[EventCountry "GER"]
[SourceTitle "CBM 150 Extra"]
[Source "ChessBase"]
[SourceDate "2012.10.19"]
[SourceVersion "1"]
[SourceVersionDate "2012.10.19"]
[SourceQuality "1"]

1. Nf3 d5 2. g3 Nf6 3. Bg2 g6 4. 0-0 Bg7 5. d3 0-0 6. Nbd2 c6 7. e4 e6 8. e5 Nfd7 9. Re1 Qc7 10. d4 c5 11. c3 Nc6 12. Nf1 a5 13. Bf4 Ne7 14. Ne3 b5 15. Ng4 Qb6 16. Bg5 f6 17. dxc5 Qxc5 18. exf6 Nxf6 19. Nh6+ Kh8 20. Ne5 Bxh6 21. Bxh6 Re8 22. g4 Ne4 23. Qf3 Qxf2+ 24. Qxf2 Nxf2 25. Kxf2 1-0

[Event "Berlin Lichtenberger op 11th"]
[Site "Berlin"]
[Date "2012.08.22"]
[Round "5"]
[White "Simon, Ralf Axel"]
[Black "Heerd, Thomas"]
[Result "1-0"]
[WhiteElo "2153"]
[BlackElo "1969"]
[PlyCount "103"]
[EventDate "2012.08.18"]
[EventType "swiss"]
[EventRounds "9"]
[EventCountry "GER"]
[SourceTitle "CBM 150 Extra"]
[Source "ChessBase"]
[SourceDate "2012.10.19"]
[SourceVersion "1"]
[SourceVersionDate "2012.10.19"]
[SourceQuality "1"]

1. c4 Nf6 2. Nc3 g6 3. e4 d6 4. d4 Bg7 5. Nf3 0-0 6. Be2 e5 7. 0-0 Nc6 8. d5 Ne7 9. Ne1 Nd7 10. Be3 f5 11. f3 Nf6 12. c5 Kh8 13. Nd3 Neg8 14. Qd2 Bd7 15. b4 f4 16. Bf2 h5 17. Nb2 Rf7 18. cxd6 cxd6 19. Rfc1 g5 20. Nc4 Bf8 21. Na5 Be8 22. Kh1 g4 23. Qe1 Bh6 24. Rc2 Bg5 25. Bb5 Rh7 26. Bxe8 Qxe8 27. Bh4 Bxh4 28. Qxh4 Rc8 29. Rac1 Rhc7 30. Qf2 Qd7 31. Kg1 Qg7 32. Kf1 g3 33. Qg1 gxh2 34. Qxh2 Qg5 35. Ke2 h4 36. Kd3 Nh5 37. Nb5 Rxc2 38. Rxc2 Rxc2 39. Kxc2 Qe7 40. Nc4 a6 41. Nbxd6 Nh6 42. Qh3 b5 43. Qc8+ Kh7 44. Nf5 Qf6 45. Qc7+ Qf7 46. Qxf7+ Nxf7 47. Ncd6 Nxd6 48. Nxd6 Ng7 49. Nf7 Nf5 50. exf5 e4 51. fxe4 f3 52. Ng5+ 1-0

[Event "Berlin Werner Ott op"]
[Site "Berlin"]
[Date "2012.07.10"]
[Round "4"]
[White "Jahnz, Fabian"]
[Black "Heerd, Thomas"]
[Result "1/2-1/2"]
[WhiteElo "2221"]
[BlackElo "1886"]
[PlyCount "63"]
[EventDate "2012.07.07"]
[EventType "swiss"]
[EventRounds "9"]
[EventCountry "GER"]
[SourceTitle "CBM 149 Extra"]
[Source "ChessBase"]
[SourceDate "2012.08.24"]
[SourceVersion "1"]
[SourceVersionDate "2012.08.24"]
[SourceQuality "1"]

1. e4 d6 2. d4 Nf6 3. Nc3 g6 4. f4 Bg7 5. Nf3 0-0 6. Bd3 Nc6 7. e5 dxe5 8. fxe5 Nh5 9. Be3 Bg4 10. Be2 f6 11. 0-0 fxe5 12. d5 Bxf3 13. Bxf3 Nd4 14. Bxd4 exd4 15. Ne2 Qd6 16. Kh1 Nf4 17. Nxf4 Rxf4 18. g3 Rf5 19. Qd3 Raf8 20. Rae1 Re5 21. Be4 Qb4 22. Rxf8+ Bxf8 23. Rf1 Bg7 24. Qf3 Bf6 25. b3 Qd2 26. Qg4 Kg7 27. Qf3 Qe3 28. Qxe3 dxe3 29. Bf3 e2 30. Re1 Re3 31. Kg2 Bc3 32. Rxe2 1/2-1/2